000 00486nam a22001937a 4500
003 SEACOMMC
005 20231110051536.0
008 231110b |||||||| |||| 00| 0 eng d
020 _cRs. 390.00
040 _aSEACOMMC
082 _a518
_bPAT
100 1 _aPatil, P.B.
245 1 _aNumerical computational methods
_cP.B. Patil and U.P. Verma
260 _aNew Delhi
_bNarosa
_c2006
650 _aMathematics
650 _aNumerical analysis
700 1 _aVerma, U.P.
942 _cBOOK
999 _c368
_d368